Alphabetically First II Quiz Stats

Quiz Updated Jul 27, 2016

Challenge
Share
Tweet
Embed
Score 0/50 Timer 08:00
0 Plays Today
Hint Answer % Correct
Spanish Numbers 1-10Dos
84.9%
US President SurnamesJohn Quincy Adams
82.7%
US President SurnamesJohn Adams
82.7%
Santa's ReindeerBlitzen
80.1%
Santa's ReindeerCupid
79.1%
Santa's ReindeerDancer
78.9%
Santa's ReindeerComet
77%
MLB TeamsOakland Athletics
76.7%
Santa's ReindeerDasher
76.4%
Spanish Numbers 1-10Cinco
74.7%
US President SurnamesGeorge H. W. Bush
74.6%
Countries of AfricaAlgeria
64.4%
Brady Bunch HouseholdBobby
60.4%
MLB TeamsLos Angeles Angels
59.7%
MLB TeamsHouston Astros
59.6%
Countries of AfricaAngola
59.2%
Brady Bunch HouseholdCindy
58.9%
Brady Bunch HouseholdAlice
55.6%
Spanish Numbers 1-10Diez
54.9%
Spanish Numbers 1-10Nueve
53.4%
Brady Bunch HouseholdGreg
53.3%
Spanish Numbers 1-10Cuatro
53.3%
Olympian Greek GodsAres
52.7%
MLB TeamsAtlanta Braves
50.6%
Olympian Greek GodsAthena
50.5%
Hint Answer % Correct
Countries of AfricaBotswana
50.5%
US President SurnamesJames Buchanan
49.3%
Brady Bunch HouseholdCarol
47.6%
Olympian Greek GodsApollo
42.9%
Countries of AfricaBenin
41.9%
European CapitalsAmsterdam
41.7%
US President SurnamesChester A. Arthur
39%
Olympian Greek GodsArtemis
37.9%
European CapitalsAthens
36.4%
European CapitalsAndorra la Vella
34.2%
MLB TeamsToronto Blue Jays
34.2%
Countries of AfricaBurkina Faso
34%
Olympian Greek GodsAphrodite
32.2%
European CapitalsAnkara
30.1%
Shakespeare PlaysAs You Like It
29.3%
Shakespeare PlaysAll's Well that Ends Well
26.1%
Shakespeare PlaysAntony and Cleopatra
24.8%
European CapitalsBelgrade
20.2%
Original 151 PokémonAbra
19.3%
Original 151 PokémonAlakazam
14.6%
Original 151 PokémonAerodactyl
12.9%
Original 151 PokémonArbok
12.9%
Shakespeare PlaysCoriolanus
10.2%
Original 151 PokémonArcanine
7.2%
Shakespeare Plays(The) Comedy of Errors
6.7%

You're not logged in!

Compare scores with friends on all Sporcle quizzes.
Join for Free
OR
Log In

You Might Also Like...

Show Comments

Extras

Top Quizzes Today


Score Distribution

Your Account Isn't Verified!

In order to create a playlist on Sporcle, you need to verify the email address you used during registration. Go to your Sporcle Settings to finish the process.

Report this User

Report this user for behavior that violates our Community Guidelines.

Details: